000 00491nam a22001697a 4500
005 20251108165400.0
008 250721s2001 xx 000 0 ara d
082 1 4 _a344.01/غيث
100 1 _aغيث، عزت
245 1 0 _aقانون العمل الأردني رقم 8 لسنة 1996 /
264 1 _aعمان :
_bدار قنديل،
_c2001.
650 1 7 _aالقانون
650 1 7 _aالعمل و العمال
650 1 7 _aقانون العمل
942 _2ddc
_cBK
999 _c26555
_d26555